Sosyal demokrat düşünce platformu (Record no. 4908)

MARC details
000 -BAŞLIK
Sabit Uzunlukta Kontrol Alanı 00847na a2200265 4500
001 - KONTROL NUMARASI
Denetim Alanı 13126
003 - KONTROL NUMARASI IDENTIFIER
Denetim Alanı MIRAKIL
005 - SON İŞLEM TARİHİ VE ZAMANI
Denetim Alanı 20181213155021.0
008 - SABİT-BOY VERİ ELEMANLARI - GENEL BİLGİLER
Sabit Uzunlukta Kontrol Alanı 161025b tu 000 0
020 ## - ULUSLARARASI STANDART KİTAP NUMARASI
Uluslararası Standart Kitap Numarası 9759857944
035 ## - SİSTEM KONTROL NUMARASI
Sistem Kontrol Numarası 13126
040 ## - KATALOGLAMA KAYNAK
Orijinal Kataloglama Ajansı Milas
Kataloglama Dili tur
Metne Dönüştürmek Ajansı TR-AnCHP
041 ## - DİL KODU
Metin / Ses Parça Veya Ayrı Başlığın Dil Kodu tur
082 ## - DEWEY ONLU SINIFLANDIRMA NUMARASI
Sınıflandırma Numarası 320.531
Ürün Numarası S67 2006
090 ## - SINIFLAMA NUMARASI
Sınıflama Numarası 320.531 S67 2006
245 ## - BAŞLIK TABLOSU
Başlık Sosyal demokrat düşünce platformu
Başlığın Kalan 5 Şubat 2005-4 Haziran 2005-4 Mart 2006
Sorumluluk Tablosu, Vb yayına hazırlayanlar Erol Tuncer, Hanife Yurtseven
260 ## - YAYIN, DAĞITIM, VB
Yayın, Dağıtım, Vb Yeri Ankara
Yayıncı, Dağıtıcı, Vs Adı Sosyal Demokrasi Derneği Yayınları
Yayın, Dağıtım, Vb Tarihi 2006
300 ## - FİZİKSEL TANIM
Kapsam vi, 246 s.
Diğer Fiziksel Ayrıntıları grf.; tbl.
Boyutlar 24 sm.
490 ## - SERİSİ TABLOSU
Seri Beyanı SDD Yayınları
Hacim / Ardışık Tanımı 5
610 ## - KONU KATMA GİRİŞ - TOPLANTI ADI
Giriş Elemanı Olarak Kurumsal Ad Veya Yargı Alanı Adı Sosyal Demokrat Düşünce Platformu
Genel Alt Bölüm Toplantılar
650 ## - KONU KATMA GİRİŞ - TOPİKAL DÖNEM
Topikal Süreli Veya Coğrafi Ad Giriş Elemanı Sosyal demokrasi
Genel Alt Bölümü Toplantılar
700 ## - KATMA GİRİŞ - KİŞİSEL İSİM
Kişisel Ad Yurtseven, Hanife
700 ## - KATMA GİRİŞ - KİŞİSEL İSİM
Kişisel Ad Tuncer, Erol
942 ## - EKLENDİ GİRİŞ ELEMANLARI (KOHA)
Sınıflandırma Veya Raf Düzeni Kaynak Dewey Decimal Classification
Koha Öğesi Türü Books
999 ## - SİSTEM KONTROL NUMARALARI (KOHA)
Koha Biblionumber 4908
Koha Biblioitemnumber 4908
Holdings
Kalıcı Konum Mevcut Konum Edinme Tarihi Edinim Kaynak Toplam Check-Out'Lar Tam Çağrı Numarası Barkod Tarih Son Görülme İtibaren Geçerli Fiyatlar Koha Öğesi Türü
CHP Kütüphanesi CHP Kütüphanesi 08/08/2016 Bağış   320.531 S67 2006 000654 08/08/2016 08/08/2016 Books